[Event "BCF-chTa 1920 (4NCL)"]
[Site "Daventry"]
[Date "2020.02.29"]
[Round "1.21"]
[White "Gordon, Stephen J"]
[Black "Schneider, Dmitry"]
[Result "1-0"]
[WhiteElo "2503"]
[BlackElo "2475"]
[PlyCount "71"]
[EventDate "2019.11.09"]
[EventType "team-tourn"]
[EventRounds "11"]
[EventCountry "ENG"]
[SourceTitle "CBM 195 Extra"]
[Source "ChessBase"]
[SourceDate "2020.05.31"]
[SourceVersion "1"]
[SourceVersionDate "2020.05.31"]
[SourceQuality "1"]
[WhiteTeam "3CS Oldham"]
[BlackTeam "White Rose"]
[WhiteTeamCountry "ENG"]
[BlackTeamCountry "ENG"]

1. c4 e6 2. g3 d5 3. Bg2 Nf6 4. Nf3 c5 5. 0-0 Nc6 6. d4 Be7 7. dxc5 Bxc5 8. a3 a6 9. b4 Ba7 10. Bb2 0-0 11. Nbd2 Re8 12. e3 b5 13. cxd5 exd5 14. Rc1 Qd6 15. Nb3 Ne4 16. Nfd4 Nd8 17. Rxc8 Rxc8 18. Qg4 Rc3 19. Bxc3 Nxc3 20. Rc1 Ne4 21. Bxe4 Rxe4 22. Qxg7+ Kxg7 23. Nf5+ Kf6 24. Nxd6 Re6 25. Nc8 Bb8 26. Nd4 Re8 27. Nb6 Ba7 28. Nxd5+ Ke5 29. Nc7 Re7 30. Nc6+ Nxc6 31. Rxc6 Rd7 32. Nxa6 Rd3 33. Nc7 Rxa3 34. Nxb5 Ra1+ 35. Kg2 Kd5 36. Nxa7 1-0

[Event "BCF-chTa 1920 (4NCL)"]
[Site "Daventry"]
[Date "2020.02.09"]
[Round "6.31"]
[White "Bisby, Daniel L"]
[Black "Gordon, Stephen J"]
[Result "0-1"]
[WhiteElo "2314"]
[BlackElo "2504"]
[PlyCount "50"]
[EventDate "2019.11.09"]
[EventType "team-tourn"]
[EventRounds "11"]
[EventCountry "ENG"]
[SourceTitle "CBM 194 Extra"]
[Source "ChessBase"]
[SourceDate "2020.03.31"]
[SourceVersion "1"]
[SourceVersionDate "2020.03.31"]
[SourceQuality "1"]
[WhiteTeam "Cambridge University"]
[BlackTeam "3CS Oldham"]
[WhiteTeamCountry "ENG"]
[BlackTeamCountry "ENG"]

1. e4 c5 2. Nf3 d6 3. Bb5+ Bd7 4. Bxd7+ Qxd7 5. 0-0 Nf6 6. Qe2 Nc6 7. c3 e6 8. d4 cxd4 9. cxd4 d5 10. e5 Ng8 11. Nc3 Nge7 12. Rd1 Nf5 13. Bf4 Be7 14. g4 Nh4 15. Nxh4 Bxh4 16. Rd3 f6 17. exf6 Bxf6 18. g5 Bxd4 19. Rad1 Bxc3 20. Rxd5 Qf7 21. Rd7 Qxf4 22. Qxe6+ Kf8 23. bxc3 Re8 24. Qd5 Re5 25. Qd6+ Ke8 0-1

[Event "Gibraltar Masters 18th"]
[Site "Caleta"]
[Date "2020.01.30"]
[Round "10"]
[White "Donchenko, Alexander"]
[Black "Gordon, Stephen J"]
[Result "1-0"]
[WhiteElo "2647"]
[BlackElo "2504"]
[PlyCount "77"]
[EventDate "2020.01.21"]
[EventType "swiss"]
[EventRounds "10"]
[EventCountry "GGB"]
[SourceTitle "CBM 194 Extra"]
[Source "ChessBase"]
[SourceDate "2020.03.31"]
[SourceVersion "1"]
[SourceVersionDate "2020.03.31"]
[SourceQuality "1"]

1. d4 Nf6 2. c4 e6 3. g3 d5 4. Bg2 Be7 5. Nf3 0-0 6. 0-0 dxc4 7. Qa4 a6 8. Qxc4 b5 9. Qc2 Bb7 10. Bd2 Be4 11. Qc1 c6 12. a4 Nbd7 13. Nc3 Bg6 14. Nh4 Bh5 15. h3 b4 16. Na2 a5 17. g4 Nd5 18. gxh5 Bxh4 19. Qxc6 Rc8 20. Qb5 N7f6 21. Bf3 Qb6 22. Qxb6 Nxb6 23. Rfc1 Nxa4 24. Nxb4 Rxc1+ 25. Bxc1 Nxb2 26. Rxa5 Nd1 27. Nd3 Nc3 28. Ba3 Rd8 29. e3 h6 30. Kg2 Nfe4 31. Bb4 Rb8 32. Ra3 Nb5 33. Ra6 Nc7 34. Rc6 Nxf2 35. Nxf2 Rxb4 36. Rxc7 Rb2 37. Rc8+ Kh7 38. Be4+ f5 39. Bc2 1-0

[Event "Gibraltar Masters 18th"]
[Site "Caleta"]
[Date "2020.01.27"]
[Round "7"]
[White "Gordon, Stephen J"]
[Black "Deac, Bogdan Daniel"]
[Result "1/2-1/2"]
[WhiteElo "2504"]
[BlackElo "2626"]
[PlyCount "100"]
[EventDate "2020.01.21"]
[EventType "swiss"]
[EventRounds "10"]
[EventCountry "GGB"]
[SourceTitle "CBM 194 Extra"]
[Source "ChessBase"]
[SourceDate "2020.03.31"]
[SourceVersion "1"]
[SourceVersionDate "2020.03.31"]
[SourceQuality "1"]

1. c4 Nf6 2. Nf3 e6 3. g3 d5 4. Bg2 Be7 5. 0-0 0-0 6. b3 d4 7. e3 c5 8. Ne5 Qc7 9. exd4 cxd4 10. Re1 Nc6 11. Qe2 Bd6 12. Nxc6 bxc6 13. Ba3 Rd8 14. Bxd6 Rxd6 15. c5 Rd8 16. Na3 Rb8 17. Nc4 Nd7 18. Rac1 Ba6 19. Qf3 Bxc4 20. Rxc4 Rbc8 21. Rxd4 Nxc5 22. Rxd8+ Qxd8 23. d4 Qxd4 24. Rd1 Qf6 25. Qxf6 gxf6 26. Rd6 Na6 27. Rd7 Rc7 28. Rxc7 Nxc7 29. Bxc6 Kf8 30. Kg2 Ke7 31. Kh3 f5 32. Kh4 a5 33. Kg5 Na6 34. Bb5 Nb4 35. a3 Nd5 36. Bc4 Nf6 37. f3 Nd7 38. Kh6 Ne5 39. Be2 Nc6 40. Kxh7 Nd4 41. Bd1 e5 42. b4 axb4 43. axb4 e4 44. fxe4 fxe4 45. g4 Nf3 46. b5 Nxh2 47. b6 Kd6 48. Kg7 Kc6 49. Kxf7 Nxg4 50. Bxg4 Kxb6 1/2-1/2

[Event "BCF-chTa 1920 (4NCL)"]
[Site "Daventry"]
[Date "2020.01.12"]
[Round "4.41"]
[White "Gordon, Stephen J"]
[Black "Macklin, Paul"]
[Result "1-0"]
[WhiteElo "2504"]
[BlackElo "2341"]
[PlyCount "81"]
[EventDate "2019.11.09"]
[EventType "team-tourn"]
[EventRounds "11"]
[EventCountry "ENG"]
[SourceTitle "CBM 194 Extra"]
[Source "ChessBase"]
[SourceDate "2020.03.31"]
[SourceVersion "1"]
[SourceVersionDate "2020.03.31"]
[SourceQuality "1"]
[WhiteTeam "3CS Oldham"]
[BlackTeam "Spirit of Atticus"]
[WhiteTeamCountry "ENG"]
[BlackTeamCountry "ENG"]

1. d4 Nf6 2. c4 g6 3. Nc3 Bg7 4. e4 d6 5. Nf3 0-0 6. Be2 Na6 7. 0-0 e5 8. Be3 c6 9. d5 Ng4 10. Bg5 f6 11. Bh4 c5 12. Ne1 Nh6 13. Nc2 Qe8 14. Nb5 Qd7 15. a3 f5 16. exf5 gxf5 17. f4 e4 18. Rb1 Nc7 19. Be1 Ne8 20. b4 b6 21. a4 Nf6 22. h3 Qe7 23. a5 Bd7 24. bxc5 bxc5 25. Bc3 Kh8 26. Ne3 Bc8 27. Qe1 Rg8 28. Kh1 a6 29. Na3 Ra7 30. Rb6 Nd7 31. Bxg7+ Rxg7 32. Rb3 Rb7 33. Rxb7 Bxb7 34. g4 fxg4 35. hxg4 Bc8 36. g5 Nf8 37. gxh6 Rg6 38. f5 Rxh6+ 39. Kg2 Ng6 40. Qg3 Ne5 41. Nac2 1-0

[Event "BCF-chTa 1920 (4NCL)"]
[Site "Daventry"]
[Date "2020.01.11"]
[Round "3.31"]
[White "Speelman, Jonathan S"]
[Black "Gordon, Stephen J"]
[Result "0-1"]
[WhiteElo "2509"]
[BlackElo "2504"]
[PlyCount "64"]
[EventDate "2019.11.09"]
[EventType "team-tourn"]
[EventRounds "11"]
[EventCountry "ENG"]
[SourceTitle "CBM 194 Extra"]
[Source "ChessBase"]
[SourceDate "2020.03.31"]
[SourceVersion "1"]
[SourceVersionDate "2020.03.31"]
[SourceQuality "1"]
[WhiteTeam "Wood Green"]
[BlackTeam "3CS Oldham"]
[WhiteTeamCountry "ENG"]
[BlackTeamCountry "ENG"]

1. d4 Nf6 2. c4 e6 3. Nf3 d5 4. g3 Be7 5. Bg2 0-0 6. 0-0 dxc4 7. Qc2 a6 8. Qxc4 b5 9. Qc2 Bb7 10. Bd2 Be4 11. Qc1 c6 12. Be3 Nbd7 13. Nc3 Bg6 14. Rd1 Rc8 15. Bg5 Qc7 16. Qe3 b4 17. Nb1 c5 18. Bxf6 Nxf6 19. dxc5 Bxc5 20. Qf4 e5 21. Nxe5 Nh5 22. Nxg6 Nxf4 23. Nxf4 Qa7 24. Nd3 Rfd8 25. Nd2 Rxd3 26. exd3 Bxf2+ 27. Kh1 h5 28. Nc4 Qd4 29. Bf3 h4 30. Kg2 hxg3 31. hxg3 Rc5 32. Rf1 Bxg3 0-1

[Event "Sitges Sunway op 6th"]
[Site "Sitges"]
[Date "2019.12.20"]
[Round "8"]
[White "Adly, Ahmed"]
[Black "Gordon, Stephen J"]
[Result "1-0"]
[WhiteElo "2607"]
[BlackElo "2495"]
[PlyCount "141"]
[EventDate "2019.12.13"]
[EventType "swiss"]
[EventRounds "10"]
[EventCountry "ESP"]
[SourceTitle "CBM 193 Extra"]
[Source "ChessBase"]
[SourceDate "2020.01.31"]
[SourceVersion "1"]
[SourceVersionDate "2020.01.31"]
[SourceQuality "1"]

1. Nf3 c5 2. g3 Nc6 3. Bg2 g6 4. 0-0 Bg7 5. e4 e5 6. c3 Nge7 7. a3 d6 8. b4 a6 9. d3 0-0 10. Nbd2 h6 11. Rb1 Be6 12. bxc5 dxc5 13. Qc2 Na5 14. a4 Rb8 15. Ba3 b6 16. Rb2 Nec6 17. Rfb1 Qc7 18. Nf1 Rfd8 19. Ne3 Bf8 20. Bf1 Qa7 21. Nd2 Rb7 22. Ndc4 Rdb8 23. Nxa5 Nxa5 24. d4 cxd4 25. Bxf8 Kxf8 26. cxd4 exd4 27. Nd5 Bxd5 28. exd5 b5 29. axb5 axb5 30. Bxb5 Rd8 31. Ra2 Qb6 32. Raa1 Ra7 33. Qd2 Rxd5 34. Qxh6+ Kg8 35. Bc6 Nxc6 36. Rxb6 Rxa1+ 37. Kg2 Nd8 38. Qh4 Ra7 39. Qe4 Rad7 40. Rb5 R5d6 41. Qd3 Ne6 42. h4 Rd5 43. Kf1 Rxb5 44. Qxb5 Rd8 45. Ke2 d3+ 46. Kd1 d2 47. h5 gxh5 48. Qxh5 Kf8 49. f4 f6 50. Qh7 Rd6 51. g4 Ke8 52. Qh2 Ke7 53. Qh6 Nd8 54. Qh7+ Ke8 55. g5 fxg5 56. fxg5 Ne6 57. g6 Kd8 58. Qf7 Rc6 59. Kxd2 Rd6+ 60. Ke3 Rc6 61. g7 Nxg7 62. Qxg7 Rc7 63. Qf6+ Kd7 64. Kd4 Rc6 65. Qf5+ Kc7 66. Qe4 Kd7 67. Qh7+ Kd6 68. Qf7 Rb6 69. Qd5+ Kc7 70. Kc5 Rb7 71. Qe4 1-0

[Event "Sitges Sunway op 6th"]
[Site "Sitges"]
[Date "2019.12.18"]
[Round "6"]
[White "Gareyev, Timur"]
[Black "Gordon, Stephen J"]
[Result "1-0"]
[WhiteElo "2598"]
[BlackElo "2495"]
[PlyCount "73"]
[EventDate "2019.12.13"]
[EventType "swiss"]
[EventRounds "10"]
[EventCountry "ESP"]
[SourceTitle "CBM 193 Extra"]
[Source "ChessBase"]
[SourceDate "2020.01.31"]
[SourceVersion "1"]
[SourceVersionDate "2020.01.31"]
[SourceQuality "1"]

1. d4 Nf6 2. c4 e6 3. Nc3 Bb4 4. Qc2 d5 5. e3 0-0 6. a3 Bxc3+ 7. Qxc3 b6 8. Nf3 Ba6 9. b3 Nbd7 10. Be2 c5 11. 0-0 Rc8 12. a4 dxc4 13. bxc4 Qc7 14. Bb2 Bb7 15. dxc5 Nxc5 16. a5 Rfd8 17. Nd4 Nce4 18. Qb4 Qc5 19. Qxc5 Nxc5 20. f3 bxa5 21. Rxa5 a6 22. Rb1 Nfd7 23. Ba3 Ba8 24. Nb3 Nxb3 25. Rxb3 Nb8 26. Kf1 Rc7 27. Bd6 Rb7 28. Rxb7 Bxb7 29. c5 Nc6 30. Ra1 Ra8 31. Rb1 Ra7 32. f4 f6 33. Bc4 Kf7 34. f5 Bc8 35. Rb6 Na5 36. fxe6+ Kg6 37. Bd5 1-0

[Event "Sitges Sunway op 6th"]
[Site "Sitges"]
[Date "2019.12.16"]
[Round "4"]
[White "Karthikeyan, Murali"]
[Black "Gordon, Stephen J"]
[Result "0-1"]
[WhiteElo "2611"]
[BlackElo "2495"]
[PlyCount "110"]
[EventDate "2019.12.13"]
[EventType "swiss"]
[EventRounds "10"]
[EventCountry "ESP"]
[SourceTitle "CBM 193 Extra"]
[Source "ChessBase"]
[SourceDate "2020.01.31"]
[SourceVersion "1"]
[SourceVersionDate "2020.01.31"]
[SourceQuality "1"]

1. e4 c5 2. Nf3 d6 3. d4 cxd4 4. Nxd4 Nf6 5. Nc3 a6 6. Be2 e5 7. Nb3 Be7 8. Be3 Be6 9. 0-0 0-0 10. Bf3 Nbd7 11. a4 Qc7 12. Re1 h6 13. h3 Rfc8 14. a5 Bf8 15. g4 Be7 16. Re2 b5 17. Nd5 Bxd5 18. exd5 Nh7 19. Be4 Bg5 20. Bxh7+ Kxh7 21. Bxg5 hxg5 22. Nd2 f6 23. Ne4 Nc5 24. Ng3 b4 25. Qd2 Rab8 26. Kg2 Kg6 27. Re3 Kf7 28. Rf3 Kg8 29. Rh1 Nd7 30. c3 Qxa5 31. h4 bxc3 32. bxc3 Rc4 33. hxg5 Rxg4 34. Rh5 Rf8 35. Kh3 Rxg5 36. Rxg5 fxg5 37. Rxf8+ Kxf8 38. Qxg5 Nf6 39. c4 Qc3 40. f4 Qe3 41. Kh2 Qxf4 42. Qxf4 exf4 43. Nf5 Ne4 44. Kg2 g6 45. Nd4 Kf7 46. Ne6 f3+ 47. Kxf3 Nd2+ 48. Ke3 Nxc4+ 49. Kd4 Ne5 50. Ng5+ Ke7 51. Kc3 Nd7 52. Kb4 Kf6 53. Nh3 g5 54. Ka5 Nc5 55. Kb6 g4 0-1

[Event "London Chess Classic: Blitz D"]
[Site "London"]
[Date "2019.12.08"]
[Round "2"]
[White "Forbes, Garry"]
[Black "Gordon, Stephen J"]
[Result "0-1"]
[WhiteElo "2016"]
[BlackElo "2481"]
[PlyCount "64"]
[EventDate "2019.12.08"]
[EventType "swiss (blitz)"]
[EventRounds "11"]
[EventCountry "ENG"]
[SourceTitle "EXT 2021"]
[Source "ChessBase"]
[SourceDate "2020.10.23"]
[SourceVersion "1"]
[SourceVersionDate "2020.10.23"]
[SourceQuality "1"]

1. d4 Nf6 2. e3 d5 3. f4 c5 4. c3 Bf5 5. Bd3 e6 6. Nf3 Nc6 7. 0-0 Bd6 8. Ne5 0-0 9. Nd2 Nxe5 10. fxe5 Bxd3 11. Rxf6 gxf6 12. exd6 Qxd6 13. Nf3 Be4 14. Bd2 Kh8 15. Be1 Rg8 16. Bg3 Rxg3 17. hxg3 Qxg3 18. Qe2 c4 19. Rf1 Rg8 20. Qf2 Bxf3 21. Qxf3 Qxf3 22. Rxf3 f5 23. Kf2 b5 24. Rh3 a5 25. Rh6 b4 26. Rh1 bxc3 27. bxc3 Rb8 28. Ra1 Rb2+ 29. Kf3 Rc2 30. a4 Rxc3 31. Rb1 Ra3 32. Rb7 Kg7 0-1

[Event "London Chess Classic: Blitz D"]
[Site "London"]
[Date "2019.12.08"]
[Round "10"]
[White "Gordon, Stephen J"]
[Black "Dong, Bao Nghia"]
[Result "1/2-1/2"]
[WhiteElo "2481"]
[BlackElo "2421"]
[PlyCount "46"]
[EventDate "2019.12.08"]
[EventType "swiss (blitz)"]
[EventRounds "11"]
[EventCountry "ENG"]
[SourceTitle "EXT 2021"]
[Source "ChessBase"]
[SourceDate "2020.10.23"]
[SourceVersion "1"]
[SourceVersionDate "2020.10.23"]
[SourceQuality "1"]

1. Nf3 d5 2. d4 g6 3. c4 c6 4. cxd5 cxd5 5. Nc3 Bg7 6. Bf4 Nf6 7. e3 0-0 8. h3 Nc6 9. Bd3 Bf5 10. Bxf5 gxf5 11. 0-0 Ne4 12. Qb3 Nxc3 13. Qxc3 Rc8 14. Qd3 e6 15. Rfc1 Qb6 16. Bd6 Rfd8 17. Bc5 Qa5 18. Qc3 Qa6 19. Ba3 b6 20. Qe1 Qb5 21. Qf1 Qa4 22. Qd1 Qb5 23. Qf1 Qa4 1/2-1/2

[Event "London Chess Classic: Blitz D"]
[Site "London"]
[Date "2019.12.08"]
[Round "6"]
[White "Gordon, Stephen J"]
[Black "Gharamian, Tigran"]
[Result "0-1"]
[WhiteElo "2481"]
[BlackElo "2646"]
[PlyCount "90"]
[EventDate "2019.12.08"]
[EventType "swiss (blitz)"]
[EventRounds "11"]
[EventCountry "ENG"]
[SourceTitle "EXT 2021"]
[Source "ChessBase"]
[SourceDate "2020.10.23"]
[SourceVersion "1"]
[SourceVersionDate "2020.10.23"]
[SourceQuality "1"]

1. Nf3 Nf6 2. c4 e6 3. g3 d5 4. Bg2 Be7 5. d4 0-0 6. 0-0 dxc4 7. Qc2 c6 8. Qxc4 b5 9. Qc2 Bb7 10. Bg5 Nbd7 11. Nbd2 c5 12. Bxf6 gxf6 13. dxc5 Nxc5 14. Nb3 Be4 15. Qd1 Qb6 16. Qd4 Bg6 17. Nxc5 Qxc5 18. Qxc5 Bxc5 19. Nh4 Rac8 20. Nxg6 hxg6 21. Rac1 Bd4 22. b3 Bb2 23. Rxc8 Rxc8 24. Be4 f5 25. Bd3 a6 26. Rb1 Ba3 27. Rd1 Kf8 28. h4 Ke7 29. e4 fxe4 30. Bxe4 Rc7 31. Rd2 f5 32. Rc2 Bc5 33. Bd3 e5 34. Kg2 e4 35. Bf1 Kf6 36. b4 Bd6 37. Rxc7 Bxc7 38. a4 bxa4 39. Bxa6 Bd6 40. Bb5 a3 41. Bc4 Bxb4 42. f3 Ke5 43. fxe4 fxe4 44. Kf2 Kd4 45. Bf7 Ke5 0-1

[Event "London Chess Classic blitz Knockout"]
[Site "London"]
[Date "2019.12.08"]
[Round "1.2"]
[White "Jones, Gawain C B"]
[Black "Gordon, Stephen J"]
[Result "0-1"]
[WhiteElo "2683"]
[BlackElo "2495"]
[PlyCount "186"]
[EventDate "2019.12.08"]
[EventType "k.o. (blitz)"]
[EventRounds "5"]
[EventCountry "ENG"]
[SourceTitle "CBM 195 Extra"]
[Source "ChessBase"]
[SourceDate "2020.05.31"]
[SourceVersion "1"]
[SourceVersionDate "2020.05.31"]
[SourceQuality "1"]

1. e4 c5 2. Nf3 e6 3. g3 b6 4. Bg2 Bb7 5. Nc3 Nf6 6. Qe2 d6 7. d4 cxd4 8. Nxd4 a6 9. 0-0 Nbd7 10. Re1 Qb8 11. Nd5 Nxd5 12. exd5 e5 13. Nc6 Qc7 14. f4 f6 15. Qg4 Nc5 16. b4 Bc8 17. Qh5+ g6 18. Qh4 Nd7 19. f5 Bg7 20. Bh6 Nb8 21. g4 0-0 22. Be4 g5 23. Qh3 Bb7 24. Bxg7 Kxg7 25. Re3 b5 26. Rc3 Qb6+ 27. Qe3 Qxe3+ 28. Rxe3 Rc8 29. Rc3 Nd7 30. a4 Nb6 31. a5 Nc4 32. Rd1 Rc7 33. Kf2 Rac8 34. Rh3 Bxc6 35. dxc6 Rxc6 36. Bxc6 Rxc6 37. Rc3 h5 38. gxh5 Kh6 39. Rg1 d5 40. Rcg3 Nd6 41. c3 Ne4+ 42. Ke2 Nxg3+ 43. Rxg3 Kxh5 44. Kd2 g4 45. Rd3 Rd6 46. Rg3 Kg5 47. h3 Kxf5 48. Rxg4 d4 49. Rg8 dxc3+ 50. Kxc3 Rc6+ 51. Kd3 Rc4 52. Ra8 Rxb4 53. Ke3 Rb3+ 54. Kf2 Rxh3 55. Rxa6 Ra3 56. Ra8 b4 57. Ke2 Ke4 58. a6 b3 59. Kd2 f5 60. Kc3 f4 61. Kb2 Ra2+ 62. Kxb3 Ra1 63. Kb2 Ra5 64. Kc2 Kf3 65. a7 e4 66. Kd2 e3+ 67. Kd3 Ra3+ 68. Kc2 Ke2 69. Rf8 Rxa7 70. Rxf4 Rc7+ 71. Kb2 Kd2 72. Rd4+ Ke1 73. Rd8 e2 74. Re8 Rc5 75. Rf8 Kd2 76. Rd8+ Ke3 77. Re8+ Kd3 78. Kb3 Kd2 79. Rd8+ Ke1 80. Kb2 Rc7 81. Rf8 Rc4 82. Kb3 Rc5 83. Kb2 Kd2 84. Rd8+ Ke3 85. Re8+ Kd3 86. Kb3 Rc1 87. Rd8+ Ke3 88. Re8+ Kf2 89. Rf8+ Kg3 90. Rg8+ Kf4 91. Rf8+ Kg5 92. Rg8+ Kf6 93. Rf8+ Kg7 0-1

[Event "London Chess Classic: Blitz D"]
[Site "London"]
[Date "2019.12.08"]
[Round "7"]
[White "Makkar, Rajat"]
[Black "Gordon, Stephen J"]
[Result "0-1"]
[WhiteElo "1847"]
[BlackElo "2481"]
[PlyCount "86"]
[EventDate "2019.12.08"]
[EventType "swiss (blitz)"]
[EventRounds "11"]
[EventCountry "ENG"]
[SourceTitle "EXT 2021"]
[Source "ChessBase"]
[SourceDate "2020.10.23"]
[SourceVersion "1"]
[SourceVersionDate "2020.10.23"]
[SourceQuality "1"]

1. d4 Nf6 2. c4 b6 3. Nc3 Bb7 4. Nf3 e6 5. g3 Bb4 6. Bg2 0-0 7. 0-0 Bxc3 8. bxc3 Be4 9. Nd2 Bxg2 10. Kxg2 d6 11. e4 e5 12. Ba3 Re8 13. Qc2 Nc6 14. Bb2 Qc8 15. Rae1 Qa6 16. a3 Na5 17. Qd3 Rac8 18. f4 h6 19. fxe5 dxe5 20. Rf5 Nd7 21. Ref1 f6 22. Qe2 Re7 23. Rh5 Rce8 24. a4 c5 25. Ba3 Nb7 26. Qd1 Nd6 27. Qg4 exd4 28. cxd4 Nxc4 29. Nxc4 Qxc4 30. Bc1 Qxd4 31. Bxh6 Qxe4+ 32. Qxe4 Rxe4 33. Bf4 Rxa4 34. Rd1 Ne5 35. Bxe5 Rxe5 36. Rd8+ Kf7 37. Rd7+ Ke6 38. Rxe5+ Kxd7 39. Rh5 Ke7 40. Rf5 Rd4 41. Rf2 a5 42. Rb2 Rb4 43. Re2+ Kf7 0-1

[Event "London Chess Classic: Blitz D"]
[Site "London"]
[Date "2019.12.08"]
[Round "3"]
[White "McPhillips, Joseph"]
[Black "Gordon, Stephen J"]
[Result "1-0"]
[WhiteElo "2271"]
[BlackElo "2481"]
[PlyCount "71"]
[EventDate "2019.12.08"]
[EventType "swiss (blitz)"]
[EventRounds "11"]
[EventCountry "ENG"]
[SourceTitle "EXT 2021"]
[Source "ChessBase"]
[SourceDate "2020.10.23"]
[SourceVersion "1"]
[SourceVersionDate "2020.10.23"]
[SourceQuality "1"]

1. Nf3 c5 2. b3 d6 3. d4 cxd4 4. Nxd4 e5 5. Nf3 Nf6 6. Bb2 e4 7. Nd4 e3 8. f3 d5 9. Qd3 Be7 10. Qxe3 0-0 11. Qf2 Nc6 12. e3 Bb4+ 13. Nd2 Nxd4 14. Bxd4 Qa5 15. Bd3 Re8 16. a3 Bc3 17. Bxc3 Qxc3 18. 0-0 Bd7 19. Rae1 b5 20. e4 Qb2 21. Qh4 h6 22. exd5 Qxa3 23. Qd4 Rxe1 24. Rxe1 Qa5 25. Ra1 Qc7 26. c4 bxc4 27. bxc4 a5 28. c5 Rd8 29. d6 Qb8 30. Ne4 Nxe4 31. Bxe4 Qa7 32. Rd1 Rc8 33. c6 Qxd4+ 34. Rxd4 Bxc6 35. Bxc6 Rxc6 36. d7 1-0

[Event "London Chess Classic: Blitz D"]
[Site "London"]
[Date "2019.12.08"]
[Round "5"]
[White "Quilter, Thomas A"]
[Black "Gordon, Stephen J"]
[Result "0-1"]
[WhiteElo "2087"]
[BlackElo "2481"]
[PlyCount "54"]
[EventDate "2019.12.08"]
[EventType "swiss (blitz)"]
[EventRounds "11"]
[EventCountry "ENG"]
[SourceTitle "EXT 2021"]
[Source "ChessBase"]
[SourceDate "2020.10.23"]
[SourceVersion "1"]
[SourceVersionDate "2020.10.23"]
[SourceQuality "1"]

1. e4 c5 2. Nf3 d6 3. d4 cxd4 4. Nxd4 Nf6 5. Nc3 a6 6. f3 e5 7. Nb3 Be6 8. Be3 Be7 9. Qd2 0-0 10. g4 d5 11. g5 d4 12. gxf6 Bxf6 13. Nd5 Bxd5 14. exd5 dxe3 15. Qd3 Bh4+ 16. Ke2 Nd7 17. c4 e4 18. Qxe4 Re8 19. Qg4 Ne5 20. Qf4 Bg5 21. Qd4 Bf6 22. Qf4 a5 23. Nc5 Qb6 24. Na4 Qb4 25. Nc3 Qxb2+ 26. Kxe3 Qxc3+ 27. Kf2 Qxa1 0-1

[Event "London Classic rapid op 11th"]
[Site "London"]
[Date "2019.12.07"]
[Round "6"]
[White "Gordon, Stephen J"]
[Black "Haydon, David Leslie"]
[Result "1-0"]
[WhiteElo "2474"]
[BlackElo "2303"]
[PlyCount "121"]
[EventDate "2019.12.07"]
[EventType "swiss (rapid)"]
[EventRounds "7"]
[EventCountry "ENG"]
[SourceTitle "CBM 195 Extra"]
[Source "ChessBase"]
[SourceDate "2020.05.31"]
[SourceVersion "1"]
[SourceVersionDate "2020.05.31"]
[SourceQuality "1"]

1. c4 c6 2. Nf3 Nf6 3. Nc3 d5 4. d4 e6 5. Bg5 Nbd7 6. e3 Be7 7. Bd3 a5 8. 0-0 0-0 9. Qc2 h6 10. Bh4 b6 11. cxd5 exd5 12. e4 dxe4 13. Nxe4 Bb7 14. Rfe1 Nxe4 15. Bxe7 Qxe7 16. Bxe4 Qd6 17. Ne5 Nf6 18. Bf3 Rac8 19. Rad1 Qc7 20. Qb3 Rfd8 21. Rc1 Rd6 22. Nc4 Rxd4 23. Qxb6 Qxb6 24. Nxb6 Rb4 25. Nxc8 Bxc8 26. Rxc6 Be6 27. b3 a4 28. Rc3 axb3 29. axb3 Rxb3 30. Rxb3 Bxb3 31. h4 g6 32. g3 Be6 33. Bc6 Kg7 34. Re5 Ng4 35. Rc5 Nf6 36. Kg2 Kf8 37. Kf3 Bg4+ 38. Kf4 Be6 39. Bb5 Ke7 40. Rc1 g5+ 41. hxg5 hxg5+ 42. Kf3 Bd5+ 43. Ke3 Ng4+ 44. Kd4 Be6 45. Rc2 Kf6 46. Bf1 Ne5 47. Bg2 Ng6 48. Rc5 Ne7 49. Be4 Ba2 50. Ra5 Be6 51. Ra6 Kg7 52. Ke5 Bb3 53. Ra7 Ng8 54. Bd5 Bxd5 55. Kxd5 Nf6+ 56. Ke5 Ng4+ 57. Kf5 Nxf2 58. Rd7 Nh1 59. Rd3 g4 60. Kf4 Nf2 61. Rd2 1-0

[Event "London Classic rapid op 11th"]
[Site "London"]
[Date "2019.12.07"]
[Round "7"]
[White "Gordon, Stephen J"]
[Black "Willow, Jonah B"]
[Result "1-0"]
[WhiteElo "2474"]
[BlackElo "2102"]
[PlyCount "113"]
[EventDate "2019.12.07"]
[EventType "swiss (rapid)"]
[EventRounds "7"]
[EventCountry "ENG"]
[SourceTitle "CBM 195 Extra"]
[Source "ChessBase"]
[SourceDate "2020.05.31"]
[SourceVersion "1"]
[SourceVersionDate "2020.05.31"]
[SourceQuality "1"]

1. c4 c5 2. Nf3 Nc6 3. Nc3 g6 4. e3 Nf6 5. d4 cxd4 6. exd4 d5 7. cxd5 Nxd5 8. Qb3 e6 9. Bb5 Bg7 10. Bxc6+ bxc6 11. 0-0 0-0 12. Na4 Ba6 13. Re1 Nb6 14. Qc2 Nxa4 15. Qxa4 Bb5 16. Qc2 Qd5 17. Be3 a5 18. a4 Ba6 19. Ra3 Rfc8 20. Rc3 Bf8 21. Rc1 Bb7 22. Qb3 Bb4 23. Qxd5 cxd5 24. Rxc8+ Rxc8 25. Rxc8+ Bxc8 26. Bd2 Bxd2 27. Nxd2 Bd7 28. Nb3 Bxa4 29. Nxa5 f6 30. f4 Kf7 31. Nb7 Ke7 32. Kf2 Bc6 33. Nc5 Kd6 34. Nd3 Bb5 35. Ke3 Bxd3 36. Kxd3 Kc6 37. Kc3 Kb5 38. b3 Ka5 39. g4 h6 40. h4 Kb5 41. g5 fxg5 42. fxg5 hxg5 43. hxg5 Ka5 44. Kc2 Kb5 45. Kb1 Kb6 46. Kb2 Ka5 47. Ka3 Kb5 48. Ka2 Kb4 49. Kb2 Ka5 50. Ka2 Kb4 51. Kb2 Ka5 52. Ka3 Kb5 53. b4 Kc4 54. Ka4 Kxd4 55. b5 Ke5 56. b6 Kd6 57. Ka5 1-0

[Event "BCF-ch rapidplay 33rd"]
[Site "Pudsey"]
[Date "2019.11.23"]
[Round "3"]
[White "Gordon, Stephen J"]
[Black "Burnett, Jim"]
[Result "1-0"]
[WhiteElo "2505"]
[BlackElo "2037"]
[PlyCount "55"]
[EventDate "2019.11.23"]
[EventType "swiss (rapid)"]
[EventRounds "11"]
[EventCountry "ENG"]
[SourceTitle "CBM 193 Extra"]
[Source "ChessBase"]
[SourceDate "2020.01.31"]
[SourceVersion "1"]
[SourceVersionDate "2020.01.31"]
[SourceQuality "1"]

1. c4 e6 2. g3 d5 3. Bg2 Nf6 4. Nf3 Be7 5. d4 0-0 6. 0-0 c6 7. Qc2 Nbd7 8. Nbd2 b6 9. e4 Ba6 10. b3 Rc8 11. Bb2 Qc7 12. Rfe1 Rfd8 13. h4 Nf8 14. Rac1 Qb8 15. Bf1 Rd7 16. Qb1 Bb7 17. Ne5 Rdc7 18. Bh3 Rd8 19. c5 Ng6 20. exd5 exd5 21. Ndf3 Ne4 22. Bf5 bxc5 23. dxc5 Nxc5 24. h5 Nf8 25. Nxf7 Kxf7 26. Bxh7 Nce6 27. Ne5+ Ke8 28. Bg6+ 1-0